000 00664nam a2200193Ia 4500
003 GCL
008 140319s9999 xx 000 0 ara d
040 _aGCL /
_cGCL
082 0 4 _a621.381
_bج د
100 1 _aجوزيف جرجس طراد
245 1 0 _aدليل المصمم فى معالجة الاشارة الرقمية /
_cجوزيف جرجس طراد
250 _aالاولى
260 _aسوريا :
_bشعاع للنشر والعلوم ،
_c2003
300 _a773 ص ؛
_c24 سم
650 0 4 _aالهندسة الالكترونية
650 0 4 _aهندسة الالكترونيات
650 0 4 _aالاشارات الرقمية
942 _2ddc
_cBK
999 _c7404
_d7404